Chile and the United States: 200 years
সংরক্ষণ করুন:
| সংস্থা লেখক: | |
|---|---|
| বিন্যাস: | গ্রন্থ |
| ভাষা: | স্প্যানিশ ইংরেজি |
| প্রকাশিত: |
Washington, D.C
Zet Arts and Facts
2010
|
| সংস্করন: | 1a. ed |
| বিষয়গুলি: | |
| ট্যাগগুলো: |
ট্যাগ যুক্ত করুন
কোনো ট্যাগ নেই, প্রথমজন হিসাবে ট্যাগ করুন!
|
MARC
| LEADER | 00000nam a2200000 a 4500 | ||
|---|---|---|---|
| 001 | UCG2719 | ||
| 003 | CL-VaPUC | ||
| 008 | 100723e20100100US |||||||||||||||||spa|d | ||
| 020 | |a 9789567582167 | ||
| 041 | 0 | 7 | |a spa |2 CL-VaPUC |
| 041 | 0 | 7 | |a eng |2 CL-VaPUC |
| 082 | 0 | 4 | |a 327.830 |b EMB |2 21 |
| 110 | 2 | |a Embassy of Chile in the United States |e author |9 551287 | |
| 245 | 1 | 0 | |a Chile and the United States: 200 years |
| 250 | |a 1a. ed | ||
| 300 | |a 239 p | ||
| 942 | |c BK | ||
| 945 | |d 20100723 00:00:00 |a dcastane | ||
| 260 | |a Washington, D.C |b Zet Arts and Facts |c 2010 | ||
| 650 | 0 | |a Relaciones Internacionales |9 255740 | |
| 650 | 0 | |a Política internacional |9 255813 | |
| 650 | 0 | |a Desarrollo económico y social |9 256320 | |
| 650 | 0 | |a Diplomacia |9 256483 | |
| 650 | 0 | |a Patrimonio cultural |9 309364 | |
| 651 | 7 | |a CHILE |2 CL-VaPUC |9 551288 | |
| 651 | 7 | |a ESTADOS UNIDOS DE NORTEAMERICA |2 CL-VaPUC |9 316036 | |
| 583 | |a last modification |c 20100723 00:00:00 |k Rodrigo Vera | ||
| 999 | |c 341846 |d 341844 | ||
| 952 | |0 0 |1 0 |4 0 |6 327_830000000000000_EMB_2010 |7 0 |8 X |9 437632 |a FDOBUD |b FDOBUD |d 2019-11-22 |i 4687426 |o 327.830 EMB 2010 |p 4687426 |r 2019-11-22 |w 2019-11-22 |y BK_X |k BUD | ||